Leder im Europäischen Kunsthandwerk (Record no. 4765)

MARC details
000 -CABECERA
campo de control de longitud fija 00871nam a2200253 a 4500
001 - NÚMERO DE CONTROL
campo de control BRCA_5071
005 - FECHA Y HORA DE LA ÚLTIMA TRANSACCIÓN
campo de control 20190320204927.0
008 - DATOS DE LONGITUD FIJA--INFORMACIÓN GENERAL
campo de control de longitud fija 091110s1965----gw-a######---#000-0#ger-#
041 ## - CÓDIGO DE LENGUA
Código de lengua del texto/banda sonora o título independiente ger
044 ## - CÓDIGO DEL PAÍS DE LA ENTIDAD EDITORA/PRODUCTORA
Código MARC del país gw
050 #4 - SIGNATURA TOPOGRÁFICA DE LA BIBLIOTECA DEL CONGRESO
Número de clasificación NK6200
Número de documento/Ítem .G33 1965
100 1# - ENTRADA PRINCIPAL--NOMBRE DE PERSONA
Nombre de persona Gall, Günter
9 (RLIN) 12929
245 10 - MENCIÓN DE TÍTULO
Título Leder im Europäischen Kunsthandwerk
Mención de responsabilidad, etc. von Günter Gall.
260 ## - PUBLICACIÓN, DISTRIBUCIÓN, ETC.
Lugar de publicación, distribución, etc. Branschweig, Alemania
Nombre del editor, distribuidor, etc. Klinkhardt & Biermann
Fecha de publicación, distribución, etc. 1965
300 ## - DESCRIPCIÓN FÍSICA
Extensión xii, 406 p.
Otras características físicas il. (algunas a color)
Dimensiones 24 cm.
440 #0 - MENCIÓN DE SERIE/PUNTO DE ACCESO ADICIONAL--TÍTULO
Título Bibliothek für kunst-und antiquitäten freunde
Designación de volumen o secuencia 44
9 (RLIN) 12930
500 ## - NOTA GENERAL
Nota general Incluye índice de materias, índice onomástico, índice de ilustraciones y comentarios
500 ## - NOTA GENERAL
Nota general Incluye 16 láminas a color y 305 ilustraciones
500 ## - NOTA GENERAL
Nota general D160
650 14 - PUNTO DE ACCESO ADICIONAL DE MATERIA--TÉRMINO DE MATERIA
Término de materia o nombre geográfico como elemento de entrada Trabajos en cuero
Subdivisión geográfica Europa
9 (RLIN) 12931
650 14 - PUNTO DE ACCESO ADICIONAL DE MATERIA--TÉRMINO DE MATERIA
Término de materia o nombre geográfico como elemento de entrada Trabajos de cuero
Subdivisión geográfica Europa
9 (RLIN) 12932
902 ## - CATALOGADOR
Iniciales GFM
942 ## - ELEMENTOS DE PUNTO DE ACCESO ADICIONAL (KOHA)
Fuente del sistema de clasificación o colocación Library of Congress Classification
Tipo de ítem Koha Libros
Holdings
Estado de retiro Estado de pérdida Estado dañado No para préstamo Localización permanente Ubicación/localización actual Fecha de adquisición Número de inventario Total de préstamos Signatura topográfica completa Código de barras Fecha visto por última vez Precio válido a partir de Tipo de ítem Koha
El ejemplar forma parte de la colección y puede ser consultado según las políticas vigentes.       Biblioteca del Museo Franz Mayer (Rogerio Casas-Alatriste) Biblioteca del Museo Franz Mayer (Rogerio Casas-Alatriste) 09/11/2010 D160   NK6200 .G33 1965 (D160) 5185 22/03/2019 22/03/2019 Libros